[Event "Heraklion Gazi op 10th"]
[Site "Heraklion"]
[Date "2014.08.02"]
[Round "5"]
[White "Fahouri, Nidal"]
[Black "Aggelis, Nikolaos"]
[Result "0-1"]
[WhiteElo "1853"]
[BlackElo "2338"]
[PlyCount "120"]
[EventDate "2014.07.30"]
[EventType "swiss"]
[EventRounds "9"]
[EventCountry "GRE"]
[SourceTitle "EXT 2016"]
[Source "ChessBase"]
[SourceDate "2015.10.08"]
[SourceVersion "1"]
[SourceVersionDate "2015.10.08"]
[SourceQuality "1"]

1. e4 e5 2. Nf3 Nc6 3. Bc4 Bc5 4. c3 Nf6 5. d4 exd4 6. e5 d5 7. Bb5 Ne4 8. cxd4 Bb6 9. Bxc6+ bxc6 10. Qc2 0-0 11. 0-0 Bg4 12. Be3 Bxf3 13. gxf3 Ng5 14. Qf5 Ne6 15. Rd1 Qh4 16. Qg4 Qe7 17. f4 f5 18. Qe2 g5 19. f3 c5 20. dxc5 Bxc5 21. Bxc5 Qxc5+ 22. Qf2 Qxf2+ 23. Kxf2 Nxf4 24. Nc3 c6 25. b4 Rfe8 26. b5 Rxe5 27. bxc6 Rc8 28. Nb5 Rxc6 29. Nd4 Ra6 30. a4 Ne6 31. Rac1 Nxd4 32. Rxd4 Rae6 33. Rc5 Kf7 34. Rdxd5 Rxd5 35. Rxd5 Kg6 36. Rd2 Ra6 37. Rd4 Rc6 38. Rd7 Ra6 39. Rd4 h6 40. Rc4 Kf6 41. h4 f4 42. Kg2 Kg6 43. Kh3 Kh5 44. hxg5 hxg5 45. Rd4 Rc6 46. Rd5 Rc3 47. Kg2 Kh4 48. Ra5 Ra3 49. Kf2 Ra2+ 50. Ke1 g4 51. fxg4 f3 52. Rxa7 f2+ 53. Kf1 Kg3 54. Rf7 Rxa4 55. g5 Ra1+ 56. Ke2 Re1+ 57. Kd3 f1Q+ 58. Rxf1 Rxf1 59. Ke4 Kg4 60. g6 Rf6 0-1

[Event "Heraklion Gazi op 10th"]
[Site "Heraklion"]
[Date "2014.08.01"]
[Round "4"]
[White "Magoulianos, Nikolaos"]
[Black "Fahouri, Nidal"]
[Result "0-1"]
[WhiteElo "1357"]
[BlackElo "1853"]
[PlyCount "56"]
[EventDate "2014.07.30"]
[EventType "swiss"]
[EventRounds "9"]
[EventCountry "GRE"]
[SourceTitle "EXT 2016"]
[Source "ChessBase"]
[SourceDate "2015.10.08"]
[SourceVersion "1"]
[SourceVersionDate "2015.10.08"]
[SourceQuality "1"]

1. d4 Nf6 2. c4 e5 3. dxe5 Ne4 4. Nf3 Nc6 5. Qc2 Bb4+ 6. Nbd2 d5 7. cxd5 Bf5 8. Qc4 Nxd2 9. Bxd2 Bxd2+ 10. Nxd2 Nxe5 11. Qb5+ Bd7 12. Qxb7 0-0 13. e4 Rb8 14. Qxa7 Rxb2 15. Qd4 Qf6 16. f4 Nd3+ 17. Qxd3 Rxd2 18. Qxd2 Qxa1+ 19. Kf2 Rb8 20. Qa5 Qd4+ 21. Kf3 Qd1+ 22. Ke3 c5 23. dxc6 Bxc6 24. Qc7 Qc1+ 25. Kf2 Rb2+ 26. Kg3 Qc3+ 27. Kg4 f5+ 28. Kxf5 Bxe4+ 0-1

[Event "Athens op 03-A"]
[Site "Athens"]
[Date "2012.03.06"]
[Round "1"]
[White "Fahouri, Nidal"]
[Black "Papadopoulos, Panagiotis D"]
[Result "1-0"]
[WhiteElo "1918"]
[BlackElo "1542"]
[PlyCount "61"]
[EventDate "2012.03.06"]
[EventType "swiss"]
[EventRounds "7"]
[EventCountry "GRE"]
[SourceTitle "EXT 2014"]
[Source "ChessBase"]
[SourceDate "2013.11.20"]
[SourceVersion "1"]
[SourceVersionDate "2013.11.20"]
[SourceQuality "1"]

1. e4 c5 2. Nf3 d6 3. d4 cxd4 4. Nxd4 Nf6 5. Nc3 a6 6. Bg5 e6 7. f4 Qc7 8. Qf3 Be7 9. 0-0-0 b5 10. e5 Bb7 11. Qg3 dxe5 12. fxe5 Nh5 13. Qh4 g6 14. Bxb5+ axb5 15. Ndxb5 Bxg5+ 16. Qxg5 Qe7 17. Nd6+ Kf8 18. Qxe7+ Kxe7 19. Nxb7 Nc6 20. Rhe1 Ng7 21. Nd6 Rad8 22. Nc4 Rxd1+ 23. Rxd1 Ne8 24. b3 Nc7 25. Kb2 Na6 26. Na4 Rb8 27. a3 Rb5 28. Nc3 Rc5 29. Ne4 Rd5 30. Nc3 Rc5 31. Re1 1-0

[Event "Aegean op 34th"]
[Site "Aghios Kirykos"]
[Date "2011.07.16"]
[Round "9"]
[White "Fahouri, Nidal"]
[Black "Kamenets, Anatolij"]
[Result "0-1"]
[WhiteElo "1882"]
[BlackElo "2328"]
[PlyCount "60"]
[EventDate "2011.07.09"]
[EventType "swiss"]
[EventRounds "9"]
[EventCountry "GRE"]
[SourceTitle "CBM 143 Extra"]
[Source "ChessBase"]
[SourceDate "2011.08.29"]
[SourceVersion "1"]
[SourceVersionDate "2011.08.29"]
[SourceQuality "1"]

1. e4 g6 2. d4 Bg7 3. Nc3 d6 4. Be3 Nf6 5. f3 0-0 6. Qd2 a6 7. 0-0-0 b5 8. h4 h5 9. Bd3 Nbd7 10. Bg5 c5 11. dxc5 Nxc5 12. g4 b4 13. Nd5 Nxd5 14. exd5 Na4 15. gxh5 Bxb2+ 16. Kb1 Qa5 17. Ne2 Qxd5 18. hxg6 f5 19. Bxe7 Be6 20. Nc1 Bg7 21. Be2 Qxd2 22. Rxd2 Nc3+ 23. Ka1 Ne4+ 24. c3 Nxd2 25. Kb2 Rfe8 26. Bxd6 Bc4 27. Bd1 bxc3+ 28. Kc2 Rad8 29. Ba3 Nf1 30. Nb3 Bd3+ 0-1

[Event "Aegean op 34th"]
[Site "Aghios Kirykos"]
[Date "2011.07.10"]
[Round "2"]
[White "Gazis, Efstathios"]
[Black "Fahouri, Nidal"]
[Result "1/2-1/2"]
[WhiteElo "2322"]
[BlackElo "1882"]
[PlyCount "81"]
[EventDate "2011.07.09"]
[EventType "swiss"]
[EventRounds "9"]
[EventCountry "GRE"]
[SourceTitle "CBM 143 Extra"]
[Source "ChessBase"]
[SourceDate "2011.08.29"]
[SourceVersion "1"]
[SourceVersionDate "2011.08.29"]
[SourceQuality "1"]

1. e4 c5 2. Nf3 d6 3. d4 cxd4 4. Nxd4 Nf6 5. Nc3 a6 6. Bg5 e6 7. f4 Nbd7 8. Qf3 Qc7 9. 0-0-0 b5 10. Bd3 Bb7 11. Rhe1 Qb6 12. Nd5 Qxd4 13. Bxf6 gxf6 14. Bxb5 Qc5 15. Nxf6+ Kd8 16. Nxd7 Qxb5 17. Nxf8 Rxf8 18. Qa3 Rc8 19. Qxd6+ Ke8 20. Rd2 Qc6 21. Qa3 Qc5 22. Qb3 Qb5 23. Qa3 Qc5 24. Qd3 Qb5 25. Qd6 Qc6 26. Qb4 Qb5 27. Qd4 Bc6 28. f5 Qa4 29. Qe5 Qxa2 30. b3 Bd7 31. Re3 Qa3+ 32. Kb1 Qc5 33. Qg3 Bb5 34. Kb2 a5 35. c4 a4 36. Red3 axb3 37. cxb5 Qc1+ 38. Kxb3 Qc4+ 39. Kb2 Qc1+ 40. Kb3 Qc4+ 41. Kb2 1/2-1/2

[Event "Ambelokipi op 089th"]
[Site "Athens"]
[Date "2008.09.06"]
[Round "1"]
[White "Fahouri, Nidal"]
[Black "Klokas, Konstantinos"]
[Result "0-1"]
[WhiteElo "1747"]
[BlackElo "2167"]
[PlyCount "70"]
[EventDate "2008.09.06"]
[EventType "swiss"]
[EventRounds "6"]
[EventCountry "GRE"]
[SourceTitle "EXT 2024"]
[Source "ChessBase"]
[SourceDate "2023.10.10"]
[SourceVersion "1"]
[SourceVersionDate "2023.10.10"]
[SourceQuality "1"]

1. e4 c5 2. Nf3 Nc6 3. d4 cxd4 4. Nxd4 Nf6 5. Nc3 e5 6. Ndb5 d6 7. Bg5 a6 8. Na3 b5 9. Nd5 Be7 10. Nxe7 Nxe7 11. Bxf6 gxf6 12. c4 Bb7 13. Bd3 bxc4 14. Nxc4 d5 15. exd5 Qxd5 16. Qb3 0-0 17. 0-0-0 e4 18. Rhe1 exd3 19. Rxe7 Rac8 20. Rxb7 Rxc4+ 21. Kb1 d2 22. Rc7 Qe4+ 23. Ka1 Rc8 24. Rxc4 Rxc4 25. Qb8+ Kg7 26. Qg3+ Kh6 27. Qh3+ Kg6 28. Qg3+ Kf5 29. Qh3+ Ke5 30. Qg3+ Ke6 31. Qb3 Ke7 32. Qa3+ Ke8 33. b3 Qd4+ 34. Kb1 Qd3+ 35. Ka1 Qc3+ 0-1

[Event "Ambelokipi op 87th"]
[Site "Athens"]
[Date "2008.05.28"]
[Round "6"]
[White "Fahouri, Nidal"]
[Black "Nikomanis, Andreas"]
[Result "1-0"]
[WhiteElo "1685"]
[BlackElo "2019"]
[PlyCount "123"]
[EventDate "2008.05.10"]
[EventType "swiss"]
[EventRounds "7"]
[EventCountry "GRE"]
[SourceTitle "EXT 2010"]
[Source "ChessBase"]
[SourceDate "2010.11.25"]
[SourceVersion "1"]
[SourceVersionDate "2010.11.25"]
[SourceQuality "1"]

1. e4 d5 2. exd5 Nf6 3. d4 Bg4 4. f3 Bf5 5. Bd3 Qxd5 6. Nc3 Qe6+ 7. Nge2 Bxd3 8. Qxd3 c6 9. 0-0 Na6 10. a3 Qd7 11. Ne4 e6 12. Nxf6+ gxf6 13. b4 Nc7 14. f4 f5 15. c4 Bg7 16. Rf3 b5 17. cxb5 Nxb5 18. Bb2 Rd8 19. Rd1 0-0 20. a4 Nc7 21. Ng3 Rb8 22. Nh5 f6 23. Nxg7 Kxg7 24. Qd2 Nd5 25. Ba3 Rf7 26. Rc1 Qb7 27. Rc4 Nb6 28. Rcc3 Nxa4 29. Rce3 Qd7 30. Rh3 Nb6 31. Qe2 Re8 32. Bb2 Nd5 33. Reg3+ Kh8 34. Qd2 Rb8 35. Ba3 Rb5 36. Rh4 Qd6 37. Rb3 Rfb7 38. h3 Nxb4 39. d5 Qxd5 40. Qc3 Qc5+ 41. Qxc5 Rxc5 42. Rxb4 Rxb4 43. Bxb4 Rc2 44. g4 c5 45. Ba3 c4 46. Kf1 Ra2 47. Be7 Kg7 48. g5 Rc2 49. Bxf6+ Kg8 50. Ke1 a5 51. Kd1 Rg2 52. Be5 a4 53. Kc1 a3 54. Kb1 Rd2 55. Rh6 Rd3 56. Rxe6 c3 57. Rc6 Rxh3 58. Rxc3 Rh1+ 59. Ka2 h5 60. gxh6 Rxh6 61. Kxa3 Rb6 62. Rg3+ 1-0

[Event "Ambelokipi op 86th"]
[Site "Athens"]
[Date "2008.04.16"]
[Round "5"]
[White "Fahouri, Nidal"]
[Black "Zorbas, Nikolaos"]
[Result "1-0"]
[WhiteElo "1680"]
[BlackElo "1863"]
[PlyCount "93"]
[EventDate "2008.04.07"]
[EventType "swiss"]
[EventRounds "7"]
[EventCountry "GRE"]
[SourceTitle "EXT 2010"]
[Source "ChessBase"]
[SourceDate "2010.11.25"]
[SourceVersion "1"]
[SourceVersionDate "2010.11.25"]
[SourceQuality "1"]

1. e4 d6 2. d4 g6 3. Nf3 Bg7 4. Bc4 Nf6 5. Nc3 0-0 6. 0-0 Nc6 7. Be3 Ng4 8. Bg5 h6 9. Bh4 g5 10. Bg3 e5 11. Ne2 exd4 12. Nexd4 Qf6 13. c3 Nge5 14. Bb3 Bg4 15. Kh1 Nxd4 16. cxd4 Nxf3 17. e5 dxe5 18. dxe5 Nxe5 19. Bxe5 Bxd1 20. Bxf6 Bxb3 21. Bxg7 Kxg7 22. axb3 Rfd8 23. f4 a6 24. h3 Rd2 25. Rac1 c6 26. Rce1 Rd7 27. Re4 f6 28. f5 h5 29. Rfe1 Rad8 30. R1e2 Rf7 31. Re8 Rd4 32. Rb8 g4 33. Kh2 gxh3 34. gxh3 Rfd7 35. Rg2+ Kh7 36. Rf8 R4d6 37. Rg6 Rg7 38. Rfxf6 Rxf6 39. Rxf6 Kg8 40. h4 Rg4 41. Kh3 Rf4 42. Rg6+ Kf7 43. Rg5 Kf6 44. Rxh5 Rxf5 45. Rxf5+ Kxf5 46. Kg3 b5 47. b4 1-0

[Event "Ambelokipi op 86th"]
[Site "Athens"]
[Date "2008.04.07"]
[Round "1"]
[White "Draci, Robert"]
[Black "Fahouri, Nidal"]
[Result "1-0"]
[WhiteElo "2166"]
[BlackElo "1680"]
[PlyCount "57"]
[EventDate "2008.04.07"]
[EventType "swiss"]
[EventRounds "7"]
[EventCountry "GRE"]
[SourceTitle "EXT 2010"]
[Source "ChessBase"]
[SourceDate "2010.11.25"]
[SourceVersion "1"]
[SourceVersionDate "2010.11.25"]
[SourceQuality "1"]

1. d4 Nf6 2. Nf3 d5 3. c4 e6 4. Nc3 Be7 5. Bg5 0-0 6. e3 b6 7. cxd5 exd5 8. Bd3 Bg4 9. h3 Be6 10. Ne5 c5 11. 0-0 a6 12. f4 b5 13. Qf3 Ra7 14. Bxf6 Bxf6 15. f5 Bxe5 16. dxe5 d4 17. Ne2 Bd5 18. Be4 Bxe4 19. Qxe4 d3 20. Nf4 c4 21. f6 gxf6 22. Nh5 f5 23. Rxf5 f6 24. exf6 Rff7 25. Rg5+ Kf8 26. Rg7 d2 27. Qg4 Ke8 28. Rg8+ Rf8 29. Qe6+ 1-0

[Event "Ambelokipi op 77th"]
[Site "Athens"]
[Date "2007.04.14"]
[Round "1"]
[White "Fahouri, Nidal"]
[Black "Poteas, Ioannis"]
[Result "0-1"]
[WhiteElo "1570"]
[BlackElo "2160"]
[PlyCount "64"]
[EventDate "2007.04.14"]
[EventType "swiss"]
[EventRounds "7"]
[EventCountry "GRE"]
[SourceTitle "EXT 2008"]
[Source "ChessBase"]
[SourceDate "2007.11.25"]
[SourceVersion "1"]
[SourceVersionDate "2007.11.25"]
[SourceQuality "1"]

1. e4 g6 2. d4 Bg7 3. Nf3 d6 4. Be3 Nf6 5. Nbd2 0-0 6. Be2 Ng4 7. Bg5 c5 8. c3 cxd4 9. Nxd4 Nf6 10. 0-0 Nc6 11. Kh1 Nxd4 12. cxd4 Nd7 13. Nc4 h6 14. Bh4 g5 15. Bg3 Nf6 16. f3 Nh5 17. f4 Nxf4 18. Bxf4 gxf4 19. Rxf4 b5 20. Ne3 e5 21. Rf1 exd4 22. Nf5 Bxf5 23. exf5 Be5 24. Bxb5 Qh4 25. h3 Qg3 26. Qg4+ Qxg4 27. hxg4 Kg7 28. Bc4 Kf6 29. Rae1 Rg8 30. Re4 Rad8 31. Bd5 Rc8 32. Kg1 Rc5 0-1

[Event "Ambelokipi op 76th"]
[Site "Athens"]
[Date "2007.03.10"]
[Round "1"]
[White "Skalkotas, Nikolaos"]
[Black "Fahouri, Nidal"]
[Result "1-0"]
[WhiteElo "2288"]
[BlackElo "1570"]
[PlyCount "51"]
[EventDate "2007.03.13"]
[EventType "swiss"]
[EventRounds "7"]
[EventCountry "GRE"]
[SourceTitle "EXT 2008"]
[Source "ChessBase"]
[SourceDate "2007.11.25"]
[SourceVersion "1"]
[SourceVersionDate "2007.11.25"]
[SourceQuality "1"]

1. d4 Nf6 2. c4 e5 3. dxe5 Ng4 4. Bf4 Nc6 5. Nf3 Bb4+ 6. Nc3 Qe7 7. Rc1 Ngxe5 8. Nxe5 Nxe5 9. a3 Bxc3+ 10. Rxc3 0-0 11. Qd5 d6 12. c5 Be6 13. Qxb7 Rab8 14. cxd6 Qf6 15. Qe4 cxd6 16. Bxe5 dxe5 17. Qc2 e4 18. g3 Bd5 19. Bg2 e3 20. 0-0 Bxg2 21. Kxg2 exf2 22. Rxf2 Qb6 23. e4 Rfd8 24. Rc7 Rf8 25. Qc4 Qe3 26. Rcxf7 1-0

[Event "Ambelokipi op 75th"]
[Site "Athens"]
[Date "2007.01.31"]
[Round "6"]
[White "Koerant, Filipos"]
[Black "Fahouri, Nidal"]
[Result "1-0"]
[WhiteElo "2105"]
[BlackElo "1554"]
[PlyCount "51"]
[EventDate "2007.01.13"]
[EventType "swiss"]
[EventRounds "7"]
[EventCountry "GRE"]
[SourceTitle "CBM 116 Extra"]
[Source "ChessBase"]
[SourceDate "2007.03.07"]
[SourceVersion "1"]
[SourceVersionDate "2007.03.07"]
[SourceQuality "1"]

1. d4 Nf6 2. c4 e5 3. dxe5 Ng4 4. e3 Nxe5 5. Nh3 d6 6. Nf4 Bg4 7. Be2 Bxe2 8. Qxe2 Nbd7 9. Nc3 Be7 10. 0-0 0-0 11. b3 Nc5 12. Rd1 Ne6 13. Nfd5 a6 14. Ba3 Re8 15. c5 Bf8 16. cxd6 cxd6 17. Ne4 Nc6 18. Bxd6 Bxd6 19. Nxd6 Ned4 20. Qc4 b5 21. Qc5 Re6 22. Nb7 Qc8 23. exd4 Qxb7 24. Rac1 Kh8 25. Re1 Rd8 26. Rxe6 1-0

[Event "Ambelokipi op 73rd"]
[Site "Athens"]
[Date "2006.11.08"]
[Round "2"]
[White "Fahouri, Nidal"]
[Black "Kiriazis, Dimitrios"]
[Result "0-1"]
[WhiteElo "1559"]
[BlackElo "1911"]
[PlyCount "120"]
[EventDate "2006.11.04"]
[EventType "swiss"]
[EventRounds "7"]
[EventCountry "GRE"]
[SourceTitle "EXT 2008"]
[Source "ChessBase"]
[SourceDate "2007.11.25"]
[SourceVersion "1"]
[SourceVersionDate "2007.11.25"]
[SourceQuality "1"]

1. e4 c5 2. Nf3 Nc6 3. g3 d6 4. Bg2 Nf6 5. d3 e6 6. 0-0 Be7 7. c3 0-0 8. Re1 d5 9. e5 Nd7 10. d4 cxd4 11. cxd4 Bb4 12. Nc3 a6 13. a3 Ba5 14. Rf1 b5 15. b4 Bb6 16. Qd3 f5 17. Ne2 Ba7 18. Nf4 Nb6 19. Nd2 Nc4 20. Nb3 Bd7 21. Nc5 Bxc5 22. bxc5 Qe7 23. a4 b4 24. Nxd5 exd5 25. Bxd5+ Kh8 26. Qxc4 Rab8 27. Bxc6 Bxc6 28. Qxa6 Qd7 29. Bb2 Qd5 30. f3 h5 31. Qe2 f4 32. Qe4 Qxe4 33. fxe4 Bxe4 34. gxf4 Rf5 35. a5 Ra8 36. Ra4 g5 37. Rxb4 gxf4 38. e6 Bd5 39. Re1 Rg8+ 40. Kf1 f3 41. Re3 Rfg5 42. Rxf3 Bxf3 43. d5+ Kh7 44. Rb7+ Kg6 45. Rf7 Rf5 46. Rxf5 Kxf5 47. d6 Kxe6 48. Bc1 Bc6 49. Be3 Kd5 50. Kf2 Ra8 51. Kg3 Rxa5 52. Kh4 Be8 53. d7 Bxd7 54. Kxh5 Ra3 55. Bg1 Ra2 56. h4 Rg2 57. Be3 Ke6 58. Kh6 Kf7 59. Kh5 Kg7 60. Bh6+ Kh7 0-1